| 000 | 01581cam a2200457 a 4500 | ||
|---|---|---|---|
| 001 | 4537 | ||
| 003 | FISKH | ||
| 005 | 20250127142401.0 | ||
| 008 | 060215s2006 maua b 000 f eng | ||
| 010 | _a 2006042580 | ||
| 020 | _a0763624055 (reinforced) : | ||
| 020 | _a9780763624057 (reinforced) : | ||
| 020 | _a9780763624057 | ||
| 020 | _a9780763666392 | ||
| 040 |
_aDLC _cDLC _dBAKER _dIOS _dTEF _dVP@ _dBTCTA _dYDXCP _dDLC _beng |
||
| 050 | _aPZ7.H83727 | ||
| 082 | _a813.6 | ||
| 100 | 1 |
_aHowe, James, _d1946- |
|
| 245 | 1 | 0 |
_aHoundsley and Catina and the birthday surprise / _cJames Howe ; illustrated by Marie-Louise Gay. |
| 250 | _aFirst paperback edition in this format 2013 | ||
| 260 |
_aMassachusetts : _bCandlewick Press, _c2006 |
||
| 300 |
_a42 pages ; _bcolor illustrations ; _c23 cm |
||
| 505 | _aN | ||
| 520 | _aFriends Houndsley and Catina are sad because they do not know when their birthdays are, but they solve the problem in a thoughtful and creative way. | ||
| 521 | 8 |
_a530
_bLexile |
|
| 521 | 8 |
_aN
_bRaz-Plus |
|
| 650 | 1 |
_aDogs _vFiction. |
|
| 650 | 1 |
_aCats _vFiction. |
|
| 650 | 1 |
_aBirthdays _vFiction. |
|
| 650 | 1 |
_aParties _vFiction. |
|
| 650 | 1 |
_aFriendship _vFiction. |
|
| 650 | 0 |
_aDogs _vJuvenile fiction. |
|
| 650 | 0 |
_aCats _vJuvenile fiction. |
|
| 650 | 0 |
_aBirthdays _vJuvenile fiction. |
|
| 650 | 0 |
_aParties _vJuvenile fiction. |
|
| 650 | 0 |
_aFriendship _vJuvenile fiction. |
|
| 700 | 1 |
_aGay, Marie-Louise, _eillustrator |
|
| 906 |
_a7 _bcbc _corignew _d1 _eocip _f20 _gy-gencatlg |
||
| 942 |
_2ddc _cBK _n0 |
||
| 999 |
_c4537 _d4537 |
||